Êtes-vous rapide ? Test de rapidité maths - Statistiques

Statistiques générales
  • Ce quiz a été pris 2 897 fois
  • Le résultat moyen est 6 sur 12
Statistiques - réponses
Représentation mathématique Nom (nous cherchons le nom, pas le calcul à effectuer) % Correct
Plus
100%
Moins
92%
✖️ Fois
84%
Divisé/er
71%
Plus
57%
Moins
47%
✖️ Fois
38%
Divisé/er
25%
Plus
17%
Moins
11%
✖️ Fois
8%
Divisé/er
5%
Aucun quiz correspondant
Distribution des résultats
% des personnes avec chaque résultat
Percentile par nombre de réponses
Votre historique - résultats
Vous n’avez pas pris ce quiz